Mechanics of materials (Record no. 6027)

000 -LEADER
fixed length control field 00600nam a2200229 i 4500
001 - CONTROL NUMBER
control field 6027
003 - CONTROL NUMBER IDENTIFIER
control field BD-DhUET
008 - FIXED-LENGTH DATA ELEMENTS--GENERAL INFORMATION
fixed length control field 770505s1978 nyua 001 0 eng
040 ## - CATALOGING SOURCE
Original cataloging agency DLC
Transcribing agency DLC
Modifying agency BD-DhUET
082 00 - DEWEY DECIMAL CLASSIFICATION NUMBER
Classification number 620.11
Item number HIG/1978
100 ## - MAIN ENTRY--PERSONAL NAME
Personal name Higdon, Archie
245 00 - TITLE STATEMENT
Title Mechanics of materials
250 ## - EDITION STATEMENT
Edition statement 3rd ed.
260 ## - PUBLICATION, DISTRIBUTION, ETC. (IMPRINT)
Place of publication, distribution, etc. New York
Name of publisher, distributor, etc. John Wiley and Sons
Date of publication, distribution, etc. 1978
300 ## - PHYSICAL DESCRIPTION
Extent xiv, 752 p.
Other physical details ill.
Dimensions 24 cm.
504 ## - BIBLIOGRAPHY, ETC. NOTE
Bibliography, etc Includes bibliographies
650 #0 - SUBJECT ADDED ENTRY--TOPICAL TERM
Topical term or geographic name as entry element Strength of materials
700 ## - ADDED ENTRY--PERSONAL NAME
Personal name Ohlsen, Wdward H.
700 ## - ADDED ENTRY--PERSONAL NAME
Personal name Stiles , William B.
700 ## - ADDED ENTRY--PERSONAL NAME
Personal name Weese, John A.
942 ## - ADDED ENTRY ELEMENTS (KOHA)
Koha item type General Book
Holdings
Shelving location Koha full call number Copy number Koha collection Koha date last seen Lost status Koha issues (times borrowed) Koha normalized classification for sorting Source of classification or shelving scheme Koha renewals Koha item type Withdrawn status Koha date last borrowed Sublocation or collection (holding branch) Not for loan Piece designation (barcode) Date acquired Damaged status Location (home branch) Price effective from
Circulation section620.11/HIG/19787 2014-11-29  620_110000000000000_HIG_1978  General Book  Central Library, BUET 617312014-11-29 Central Library, BUET2014-11-29
Circulation section620.11/HIG/19782 2014-12-02  620_110000000000000_HIG_1978  General Book  Central Library, BUET 617252014-12-02 Central Library, BUET2014-12-02
Circulation section620.11/HIG/19783 2014-12-02  620_110000000000000_HIG_1978  General Book  Central Library, BUET 617332014-12-02 Central Library, BUET2014-12-02
Circulation section620.11/HIG/19784 2024-02-13 1620_000000000000000_11HIG1978 1General Book 2019-02-27Central Library, BUET 617272014-12-02 Central Library, BUET2014-12-02
Circulation section620.11/HIG/19785 2014-12-02  620_110000000000000_HIG_1978  General Book  Central Library, BUET 617262014-12-02 Central Library, BUET2014-12-02
Circulation section620.11/HIG/19786 2014-12-02  620_000000000000000_11HIG1978  General Book  Central Library, BUET 617282014-12-02 Central Library, BUET2014-12-02
Circulation section620.11/HIG/19781 2014-12-02  620_000000000000000_11HIG1978  General Book  Central Library, BUET 617302014-12-02 Central Library, BUET2014-12-02
Circulation section620.11/HIG/19788 2014-12-02  620_000000000000000_11HIG1978  General Book  Central Library, BUET 617322014-12-02 Central Library, BUET2014-12-02
Circulation section620.11/HIG/19789 2015-01-10  620_110000000000000_HIG_1978  General Book  Central Library, BUET 617292015-01-10 Central Library, BUET2015-01-10
Circulation section620.11/HIG/197810Non Fiction2015-01-28  620_110000000000000_HIG_1978  General Book  Central Library, BUET 617342015-01-28 Central Library, BUET2015-01-28